|
|
|
|
| LEADER |
00000nab a2200000 a 4500 |
| 001 |
vtls000275725 |
| 003 |
SK-MaSNL |
| 005 |
20260304051014.0 |
| 008 |
250422c1987 xo 0 slo |
| 015 |
|
|
|a SNBRB19rr/mm-uuuuu
|
| 035 |
|
|
|a CL0285839
|
| 035 |
|
|
|a urn:nbn:sk:snk-ab2pv8
|
| 035 |
|
|
|a (urnnbn)urn:nbn:sk:snk:ar-a02qqu
|
| 035 |
|
|
|a (uuid)4b4aedf7-f0af-4518-ab21-fc1c4eab01c8
|
| 040 |
|
|
|a SNKBUCL
|b slo
|c SNKBUCL
|e AACR2
|
| 041 |
0 |
|
|a slo
|
| 044 |
|
|
|a xo
|c SK
|
| 080 |
|
|
|a 631.11.001.7
|2 1981
|
| 100 |
1 |
|
|a Baumgartnerová, Eva
|4 aut
|9 341322
|
| 245 |
1 |
0 |
|a Zdroje a formy prenosu vedecko-technických poznatkov do poľnohospodárskej praxe
|c Eva Baumgartnerová, Mária Gubová
|
| 650 |
0 |
7 |
|a poľnohospodárske podniky
|2 snkbucl
|9 4194
|
| 655 |
|
7 |
|a články z novín a časopisov
|2 snkbucl
|9 267496
|
| 700 |
1 |
|
|a Gubová, Mária
|4 aut
|9 6630
|
| 773 |
0 |
|
|t Ekonomika poľnohospodárstva
|g Roč. 26, č. 4 (1987), s. 174-175
|
| 850 |
|
|
|a Slovenská národná knižnica
|
| 852 |
|
|
|a Slovenská národná knižnica
|
| 954 |
|
|
|a odborná, vedecká literatúra pôvodná (slovenská)
|2 lita
|
| 958 |
|
|
|a article27
|
| 958 |
|
|
|a RK
|
| 958 |
|
|
|a OND
|
| 958 |
|
|
|a EUIPO
|
| 992 |
|
|
|a RBX
|
| 999 |
|
|
|c 2701413
|d 2703343
|